000 00621nam a2200181Ia 4500
003 GCL
008 140319s9999 xx 000 0 ara d
040 _aGCL /
_cGCL
082 0 4 _a813.01
_bع ح
100 1 _aعبدالحميد الفداوى
245 1 0 _aحكاية كاترين الجميلة: مجموعة قصصية /
_cعبدالحميد الفداوى
260 _a[S.N] :
_bالهيئة المصرية العامة للكتاب ،
_c1994
300 _a142 ص
490 _aقصص عربية
_v0
650 0 4 _aالادب العربى
650 0 4 _aالقصص العربية القصيرة
942 _2ddc
_cBK
999 _c33312
_d33312